Hormones : aspects fondamentaux et physiologiques (Record no. 16705)
[ view plain ]
| 000 -LEADER | |
|---|---|
| fixed length control field | 00369 a2200157 4500 |
| 035 ## - SYSTEM CONTROL NUMBER | |
| System control number | 3192-3195 |
| 100 ## - VEDETTE PRINCIPALE - NOM DE PERSONNE | |
| Personal name | Banlieu, E.E. |
| 245 ## - TITLE STATEMENT | |
| Title | Hormones : aspects fondamentaux et physiologiques |
| 260 ## - PUBLICATION, DISTRIBUTION, ETC. (IMPRINT) | |
| Date of publication, distribution, etc | 1978 |
| 300 ## - PHYSICAL DESCRIPTION | |
| Extent | X-548 p. |
| 700 ## - ADDED ENTRY--PERSONAL NAME | |
| Personal name | Corvol, P. |
| 700 ## - ADDED ENTRY--PERSONAL NAME | |
| Personal name | Desbuquois, B. |
| Withdrawn status | Lost status | Damaged status | Not for loan | Location (home branch) | Sublocation or collection (holding branch) | Date acquired | Koha issues (times borrowed) | Koha full call number | Koha date last seen | Price effective from | Koha item type |
|---|---|---|---|---|---|---|---|---|---|---|---|
| Bibliothèque Faculté des Sciences de la Santé | Bibliothèque Faculté des Sciences de la Santé | 27/02/2009 | WK 102 HOR | 27/02/2009 | 27/02/2009 | Livre |